000 00330nam a2200133Ia 4500
008 140626s9999 xx 000 0 und d
100 _aBrimmer, Andrew Van
245 _aSeek Out the Rare Find /
_cAndrewVan Brimmer.
260 _cc2012.
300 _a57 : 9, page 64
440 _aHR Magazine
521 _aBSBA
942 _cSE
999 _c121482
_d121482